| 000 | 01152cam a2200217 4500 | ||
|---|---|---|---|
| 001 | ABS63258 | ||
| 008 | 000000n2000 000 0 eng u | ||
| 035 | _a(Sirsi) u110056 | ||
| 100 | _aBingham, T | ||
| 245 | _aHoliday dilemmas | ||
| 260 | _c2000 | ||
| 490 |
_aBuilding _v265(8164) 1 December 2000, 59(1) |
||
| 520 | _aDiscusses the case where Paul Costello, a self-employed carpenter working as a joiner for a subsidiary of George Wimpey, Midland and General Developments, claimed £1430 for holiday pay after working 32 weeks, under the Working Time Regulations. His claim was dismissed at the employment tribunal but his case is used by the article to highlight the problem regarding the definition of worker. The article looks at Paul Costello's case and the nature of his relationship with Midland and General Developments and examines how, if his circumstances had been slightly different, he might have won his claim. | ||
| 590 | _aABS | ||
| 650 | _aEMPLOYEE RIGHTS | ||
| 650 | _aSELF EMPLOYMENT | ||
| 650 | _aHOLIDAY PAY | ||
| 650 | _aWORKING TIME REGULATIONS | ||
| 690 | _aBUILT ENVIRONMENT-BUILDING CONTRACT FORMS | ||
| 942 | _n0 | ||
| 999 |
_c65647 _d65647 |
||